000 00547nam a22001697a 4500
003 OSt
005 20250830021127.0
008 250830b |||||||| |||| 00| 0 eng d
020 _a0-7817-2187-3L.
040 _aDWCL-Main lib
_cOC
082 _23rd ed.
_aCirc.610.73862 P371 2001
100 _aMary E, Muscari
245 _aPediatric nursing/
_cMary E. Muscari
260 _aPhiladelphia :
_b Lippincott Williams & Wilkins, Lippincott Williams & Wilkins,
_cc2001.
300 _axi, 414 p. :
_bill. ;
_c22 cm.
942 _2ddc
_cBK-CIRC
_e3rd ed.
_kCirc.
_n0
999 _c4386
_d4386